| 000 | 00568nam a2200193 a 4500 | ||
|---|---|---|---|
| 005 | 20250903063914.0 | ||
| 008 | 060303s1999 mx r 000 0 spa d | ||
| 020 | _a9685138001 | ||
| 035 | _aUPN01000142949 | ||
| 049 | _aCG | ||
| 050 | 4 |
_aHV640.5 G9 _bP7.3 |
|
| 245 | 0 | 0 |
_aPresencia de los refugiados guatemaltecos en México : _bMemoria / |
| 260 |
_aMéxico : _bCOMAR : _bACNUR, _c1999. |
||
| 300 |
_a319 p. : _bil. |
||
| 650 | 4 |
_aRefugiados _zGuatemala _98319 |
|
| 650 | 4 |
_aREFUGIADOS - _xMEXICO _915979 |
|
| 650 | 4 |
_aGUATEMALTECOS EN MEXICO _915980 |
|
| 905 | _aLibro | ||
| 999 |
_c115096 _d115096 |
||